000 01178cam a22003497a 4500
003 CHAP
005 20220817043814.0
008 011031s1982 mx d r 00010 spa d
010 _a84926
011 _a85898
020 _a9684293577
035 _a96436
040 _cCHAP
082 0 4 _a338.1
_bE24
100 0 0 _aEcheverría Zuno, Rodolfo
_ecoord.
_935077
245 1 0 _aTransnacionales, agricultura y alimentación
_c/Coord. por Rodolfo Echeverría Zuno
260 _aMéxico, D.F. :
_bNueva Imagen,
_c1982.
300 _a372 p. :
_bcuadros
590 _aBATCH-UPD
_b10
_c20130110
_lUCH01
_h1636
590 _aBATCH-UPD
_b10
_c20130410
_lUCH01
_h1028
590 _aBATCH-UPD
_b10
_c20130914
_lUCH01
_h0201
590 _aBATCH-UPD
_b10
_c20130914
_lUCH01
_h2133
590 _aCONVERSION
_b10
_c20130109
_lUCH01
_h1347
650 0 4 _aAgricultura
_xAspectos económicos.
650 0 4 _aAlimentos
_xAbastecimiento.
650 0 4 _aEmpresas multinacionales.
_936656
650 0 4 _aIndustrias agrícolas
_xMéxico.
_957957
901 _aBK
905 _aMarco A. Mendoza T.
942 _cLIBRO
949 _a338.1 E24
_bBC
_cLIBRO
_d33724000857694
_eLIBRO
_gDonaciØn conasupo
_h102001
_i96436
_si
999 _c84926
_d84926